Every Country to win an Olympic Medal: Karate - Statistics

General Stats
  • This quiz has been taken 38 times
  • The average score is 10 of 20
Answer Stats
# of Medals Country % Correct
2 China
100%
3 Japan
100%
1 USA
94%
2 Spain
85%
1 France
82%
2 Italy
73%
4 Turkey
58%
2 Egypt
52%
2 Ukraine
48%
1 Iran
45%
1 Bulgaria
42%
2 Kazakhstan
39%
2 Azerbaijan
36%
1 Hungary
30%
1 Austria
27%
1 Serbia
24%
1 Jordan
21%
1 Saudi Arabia
21%
1 Hong Kong
12%
1 Chinese Taipei
0%
No matching quizzes found
Score Distribution
Percent of People with Each Score
Percentile by Number Answered
Your Score History
You have not taken this quiz